Tecnología electrónica / (Record no. 44848)
[ view plain ]
| 000 -LEADER | |
|---|---|
| campo de control de longitud fija | 00453nam a2200157 i 4500 |
| 001 - NÚMERO DE CONTROL | |
| campo de control | 44848 |
| 003 - IDENTIFICADOR DE NÚMERO DE CONTROL | |
| campo de control | ES-MaACL |
| 005 - FECHA Y HORA DE LA ÚLTIMA TRANSACCIÓN | |
| campo de control | 20230906161115.0 |
| 007 - CAMPO FIJO DE DESCRIPCIÓN FÍSICA--INFORMACIÓN GENERAL | |
| campo de control de longitud fija | t| |
| 008 - DATOS DE LONGITUD FIJA--INFORMACIÓN GENERAL | |
| campo de control de longitud fija | 030324s1977 sp ||||1| spa d |
| 100 1# - ENTRADA PRINCIPAL--NOMBRE DE PERSONA | |
| Nombre de persona | Closa, Carlos. |
| 9 (RLIN) | 39286 |
| 245 10 - MENCIÓN DEL TÍTULO | |
| Título | Tecnología electrónica / |
| Mención de responsabilidad, etc. | C. Closa ; [traducción profesional 2º curso]. |
| 260 ## - PUBLICACIÓN, DISTRIBUCIÓN, ETC. | |
| Lugar de publicación, distribución, etc. | Madrid : |
| Nombre del editor, distribuidor, etc. | Paraninfo, |
| Fecha de publicación, distribución, etc. | 1977. |
| 300 ## - DESCRIPCIÓN FÍSICA | |
| Extensión | 271 p. : |
| Otras características físicas | il. ; |
| Dimensiones | 24 cm. |
| 852 ## - LOCALIZACIÓN | |
| Ubicación | ES-MaACL |
| Número de control de estantería | A-6667 |
| Sublocalización o colección | R.95422 |
| Estatus retirado | Estado de pérdida | Estado de daño | No para préstamo | Biblioteca de origen | Biblioteca actual | Ubicación en estantería | Fecha de adquisición | Fuente de adquisición | Total de préstamos | Signatura topográfica completa | Código de barras | Visto por última vez | Precio de reemplazo | Tipo de ítem Koha |
|---|---|---|---|---|---|---|---|---|---|---|---|---|---|---|
| Biblioteca del Ateneo de Madrid | Biblioteca del Ateneo de Madrid | Sala Pecera Planta 1 | 17/01/2008 | A-6667 | 1047200 | 23/02/2023 | 23/02/2023 | Libro impreso |
